000 01062cpcaa2200253 4500
001 mm 83084863
003 DLC
005 20260227111720.0
008 830728|||||||||||| eng
010 _amm 83084863
040 _aDLC
_cDLC
_edacs
_dDLC
072 7 _aW
_2lcmd
100 1 _aCollis, Charles H. T.
_q(Charles Henry Tucky),
_d1838-1902.
245 0 0 _aCharles H. Collis papers,
_f1861-1862.
300 _a1
_fitem.
506 0 _aOpen to research.
520 8 _aVolume containing morning reports (1861 August 25-1862 May 21) for Collis's company of Zouaves d'Afrique (later to become Co. A of the 114th Pennsylvania) in Maryland and Virginia.
546 _aCollection material in English.
610 1 0 _aUnited States.
_bArmy.
_bPennsylvania Infantry Regiment, 114th (1862-1865)
651 0 _aMaryland
_xHistory
_yCivil War, 1861-1865.
651 0 _aVirginia
_xHistory
_yCivil War, 1861-1865.
999 _c44038
_d44038